000 00406nam a2200133Ia 4500
008 231129s1976||||xx |||||||||||||| ||spa||
020 _a84-345-1411-7
040 _bspa
082 _a617.96 T776t
245 0 _aTratado de anestesiologí­a reanimación y tratamiento intensivo
260 _c1976
264 _aBarcelona España : Salvat Editores
942 _2ddc
_cBKS
999 _c25594
_d25594